Yoga vasistha vol - vi; (Record no. 210461)
[ view plain ]
| 000 -LEADER | |
|---|---|
| fixed length control field | 00703nam a22002177a 4500 |
| 005 - DATE AND TIME OF LATEST TRANSACTION | |
| control field | 20250325113520.0 |
| 010 ## - LCCN (DPL NO) | |
| LC control number | ENG-144240 |
| 020 ## - INTERNATIONAL STANDARD BOOK NUMBER | |
| International Standard Book Number | 9788194177326 |
| 035 ## - SYSTEM CONTROL NUMBER | |
| System control number | EN-127772 |
| 037 ## - SOURCE OF ACQUISITION | |
| Source of stock number/acquisition | DBAD |
| 082 ## - DEWEY DECIMAL CLASSIFICATION NUMBER | |
| Classification number | 181.432 |
| Edition number | 1 |
| 100 ## - MAIN ENTRY--PERSONAL NAME | |
| Personal name | Jyotirmayananda, swami |
| 245 ## - TITLE STATEMENT | |
| Title | Yoga vasistha vol - vi; |
| Remainder of title | nirvana prakarana uttarardha/ |
| Statement of responsibility, etc | Swami jyotirmayananda |
| 250 ## - EDITION STATEMENT | |
| Edition statement | 1 |
| 260 ## - PUBLICATION, DISTRIBUTION, ETC. (IMPRINT) | |
| Place of publication, distribution, etc | Ghaziabad |
| Name of publisher, distributor, etc | International yoga society |
| Date of publication, distribution, etc | 2021 |
| 270 ## - ADDRESS | |
| Address | Lal bagh, loni |
| City | Ghaziabad |
| Postal code | 201102 |
| Telephone number | 9968215703 |
| Electronic mail address | iysindia@gmail.com |
| -- | wwebsite : www.iys-loni.org |
| -- | wwebsite :www.yrf.org |
| 300 ## - PHYSICAL DESCRIPTION | |
| Extent | 231p. |
| Dimensions | 21(pb) |
| 700 ## - ADDED ENTRY--PERSONAL NAME | |
| 9 (RLIN) | 79864 |
| 760 ## - MAIN SERIES ENTRY | |
| Edition | 1 |
| 942 ## - ADDED ENTRY ELEMENTS (KOHA) | |
| Source of classification or shelving scheme | Dewey Decimal Classification |
| Item type | English Books |
| Classification part | 181.432 |
| Call number suffix | JYO |
| Edition | 1 |
| Withdrawn status | Lost status | Not for loan | Collection code | Home library | Current library | Date acquired | Source of acquisition | Cost, normal purchase price | Full call number | Barcode | Copy number | Cost, replacement price | Koha item type |
|---|---|---|---|---|---|---|---|---|---|---|---|---|---|
| Non-fiction | Patel Nagar | Patel Nagar | 25/03/2025 | DBAD | 300.00 | 181.432 JYO | EN-127772 | 1 | 300.00 | English Books |
